TUGS - Statistics

General Stats
  • This quiz has been taken 12 times
    11 since last reset
  • The average score is 24 of 32
Answer Stats
Picture Answer % Correct
hercules
100%
OJ
100%
sunshine
100%
tencents
100%
tophat
100%
warrior
100%
zip
100%
zorran
100%
bigmac
88%
big mickey
88%
captain star
88%
captain zero
88%
grampus
88%
sally seaplane
88%
zebedee
88%
zug
88%
billy shoepack
63%
blair
63%
boomer
63%
burke
63%
coast guard
63%
Izzy gomez
63%
Lillie lightship
63%
zak
63%
blue nose
50%
fire tug
50%
johnny cuba
50%
Lord stinker
50%
Jack the grappler
38%
little ditcher
38%
mighty mo
38%
sea rogue
38%
No matching quizzes found
Score Distribution
Percent of People with Each Score
Percentile by Number Answered
Your Score History
You have not taken this quiz since the last reset